| 000 -ლიდერი |
| ფიქსირებული სიგრძის საკონტროლო ველი |
01201nam a22002177a 4500 |
| 003 - საკონტროლო ნომრის იდენტიფიკატორი |
| საკონტროლო ველი |
Ge_BSU |
| 005 - ბოლო ოპერაციის თარიღი და დრო |
| საკონტროლო ველი |
20250925142758.0 |
| 008 - ფიქსირებული სიგრძის მონაცემთა ელემენტები - ზოგადი ინფორმაცია |
| ფიქსირებული სიგრძის საკონტროლო ველი |
250925s1950 ge ||||| |||| 00| 0 geo d |
| 041 ## - ენის კოდი |
| Language code of text/sound track or separate title |
geo |
| 080 ## - უნივერსალური ათობითი კლასიფიკაციის ინდექსი |
| Universal Decimal Classification number |
349.2 ა-47 |
| 100 ## - მთავარი ჩანაწერი - პიროვნების სახელი |
| Personal name |
ალექსანდროვი, ნ. გ. |
| 9 (RLIN) |
25876 |
| 245 ## - ცნობა სათაურის შესახებ |
| Title |
შრომის სამართალი / |
| Statement of responsibility, etc |
ნ.გ. ალექსანდროვი, ე.ი. ასტრახანი; მთარგმნ.: ე. ნეიძე; სსრკ იუსტიციის სამინისტროს იურიდ. მეცნ. საკ. ინ-ტი. |
| 264 ## - წარმოების, გამოცემის, დისტრიბუციის და სხვა ცნობები |
| გამოცემის, წარმოების, დისტრიბუციის... ადგილი |
თბილისი : |
| გამოცემის, წარმოების, დისტრიბუციის... სახელწოდება |
სახელგამი, |
| გამოცემის, წარმოების, დისტრიბუციის... თარიღი |
1950. |
| 300 ## - ფიზიკური აღწერა |
| Extent |
193 გვ. ; |
| Other physical details |
20 სმ. |
| 500 ## - ზოგადი შენიშვნა |
| General note |
დანართები გვ. 147-158. |
| 504 ## - BIBLIOGRAPHY, ETC. NOTE |
| Bibliography, etc |
ბიბლიოგრ.: გვ. 159-192. |
| 700 ## - ADDED ENTRY--PERSONAL NAME |
| Personal name |
ნეიძე, ე., |
| Relator term |
მთარგმნელი |
| 9 (RLIN) |
877 |
| 700 ## - ADDED ENTRY--PERSONAL NAME |
| Personal name |
ასტრახანი, ე. ი. |
| Relator term |
ავტორი |
| 9 (RLIN) |
25877 |
| 710 ## - ADDED ENTRY--CORPORATE NAME |
| Corporate name or jurisdiction name as entry element |
სსრკ იუსტიციის სამინისტროს იურიდ. მეცნ. საკ. ინ-ტი. |
| 9 (RLIN) |
25878 |
| 942 ## - ADDED ENTRY ELEMENTS (KOHA) |
| Source of classification or shelving scheme |
|
| Koha item type |
წიგნი |